Filme mit mind. 1.6Milliarden Box Office - Statistiken

Allgemein
  • Dieses Quiz wurde 58 mal gespielt
  • Das Durchschnittsergebnis liegt bei 4 aus 12
Answers on the Grid
Answers color-coded by a green-red scale on the quiz's grid according to % correct below.
Avatar: Aufbruch nach Pandora
Avengers: Endgame
Avatar-The Way of Water
Ne Zha 2
Titanic
Star Wars: Das Erwachen der Macht
Avengers: Infinity War
Spider-Man: No Way Home
Zoomania 2
Alles steht Kopf 2
Der König der Löwen 2019
Jurassic World
Marvel's The Avengers
Fast and Furious 7
Top Gun: Maverick
Avatar: Fire and Ash
Barbie
Die Eiskönigin 2
Avengers: Age of Ultron
Black Panther
Star Wars: Die letzten Jedi
 
Antwortstatistiken
Antwort % Korrekt
Avatar-The Way of Water
50%
Avengers: Endgame
50%
Avatar: Aufbruch nach Pandora
46%
Avengers: Infinity War
46%
Spider-Man: No Way Home
43%
Star Wars: Das Erwachen der Macht
39%
Titanic
36%
Alles steht Kopf 2
18%
Zoomania 2
18%
Jurassic World
14%
Ne Zha 2
14%
Der König der Löwen 2019
7%
Keine übereinstimmenden Quizze gefunden
Verteilung der Resultate
Anzahl Personen mit jedem Resultat
Perzentil nach korrekt beantworteten Fragen
Ihre Resultats-Entwicklung
Sie haben dieses Quiz noch nicht gespielt